Audio in media (Record no. 375561)

MARC details
000 -LEADER
fixed length control field 00623nam a2200205Ia 4500
008 - FIXED-LENGTH DATA ELEMENTS--GENERAL INFORMATION
fixed length control field 191130s2011##################000#0#eng##
020 ## - INTERNATIONAL STANDARD BOOK NUMBER
ISBN 9780495572398
082 ## - DEWEY DECIMAL CLASSIFICATION NUMBER
Classification number 302.234 ALT
100 ## - MAIN ENTRY--AUTHOR NAME
Personal name Alten, Stanley R
245 ## - TITLE STATEMENT
Title Audio in media
Statement of responsibility, etc Stanley R. Alten
250 ## - EDITION STATEMENT
Edition statement 9th ed
260 ## - PUBLICATION, DISTRIBUTION, ETC. (IMPRINT)
Place of publication Belmont, CA
Name of publisher Wadsworth Cengage Learning
Year of publication c2011
300 ## - PHYSICAL DESCRIPTION
Number of Pages xxv,550 p. : ill. ; 27 cm
500 ## - GENERAL NOTE
General note Includes bibliographical references (p. 504-511) and index
650 ## - SUBJECT ADDED ENTRY--TOPICAL TERM
Topical Term Sound - Recording and reproducing
991 ## -
-- 228588
Holdings
Withdrawn status Lost status Damaged status Not for loan Home library Current library Shelving location Date acquired Full call number Accession Number Price effective from Koha item type
        Anna Centenary Library Anna Centenary Library 3RD FLOOR, B WING 17.10.2020 302.234 ALT 253376 17.10.2020 English Books

Find us on the map